Greatest College Football QBs of All Time - Statistics

General Stats
  • This quiz has been taken 99 times
    41 since last reset
  • The average score is 23 of 136
Answer Stats
Hint Answer % Correct
Auburn Tigers Cam Newton
66%
Florida Gators Tim Tebow
66%
Tennessee Volunteers Peyton Manning
59%
Oklahoma Sooners Baker Mayfield
55%
Ole Miss Rebels Eli Manning
55%
Louisville Cardinals Lamar Jackson
55%
Alabama Crimson Tide Tua Tagovailoa
55%
Louisiana State Tigers Joe Burrow
52%
Texas A&M Aggies Johnny Manziel
52%
Texas Longhorns Vince Young
52%
Utah Utes Alex Smith
48%
Duke Blue Devils Daniel Jones
48%
Clemson Tigers Deshaun Watson
48%
Wyoming Cowboys Josh Allen
48%
Tulsa Golden Hurricane Paul Smith
48%
Florida Atlantic Owls Rusty Smith
48%
Missouri Tigers Chase Daniel
45%
Baylor Bears Robert Griffin III
45%
Purdue Boilermakes Drew Brees
41%
Oregon Ducks Marcus Mariota
41%
Wisconsin Badgers Russell Wilson
41%
Fresno State Bulldogs Derek Carr
38%
Stanford Cardinal Andrew Luck
34%
Miami (OH) RedHawks Ben Roethlisberger
34%
Mississippi State Bulldogs Dak Prescott
34%
Delaware Blue Hens Joe Flacco
34%
USC Trojans Matt Leinart
34%
Indiana Hoosiers Antwaan Randle El
31%
Boston College Eagles Doug Flutie
31%
Louisiana Tech Bulldogs Terry Bradshaw
31%
Army Black Knights Ahmad Bradshaw
28%
Memphis Tigers Brady White
28%
Pittsburgh Panthers Dan Marino
28%
Michigan Wolverines J.J. McCarthy
28%
Boise State Broncos Kellen Moore
28%
West Virginia Mountaineers Pat White
28%
North Carolina State Wolf Pack Philip Rivers
28%
Washington State Cougars Ryan Leaf
28%
Georgia Bulldogs Aaron Murray
24%
Houston Cougars Case Keenum
24%
Syracuse Orange Donovan McNabb
24%
Utah State Aggies Jordan Love
24%
Arizona Wildcats Nick Foles
24%
BYU Cougars Ty Detmer
24%
Notre Dame Fighting Irish Brady Quinn
21%
Iowa State Cyclones Brock Purdy
21%
Marshall Thundering Herd Chad Pennington
21%
Florida State Seminoles Chris Weinke
21%
Hawaii Rainbow Warriors Colt Brennan
21%
California Golden Bears Jared Goff
21%
Kentucky Wildcats Tim Couch
21%
Nebraska Cornhuskers Tommie Frazier
21%
Virginia Tech Hokies Tyrod Taylor
21%
Troy Trojans Corey Robinson
17%
Cincinnati Bearcats Desmond Ridder
17%
Vanderbilt Commodores Jay Cutler
17%
Northern Illinois Huskies Jordan Lynch
17%
Virginia Cavaliers Matt Schaub
17%
Southern Miss Golden Eagles Brett Favre
14%
Arizona State Sun Devils Jake Plummer
14%
Oklahoma State Cowboys Mason Rudolph
14%
Ball State Cardinals Nate Davis
14%
UNLV Rebels Randall Cunningham
14%
Tulane Green Wave Shaun King
14%
Oregon State Beavers Terry Baker
14%
Texas State Bobcats Bradley George
10%
Nevada Wolf Pack Colin Kaepernick
10%
Michigan State Spartans Connor Cook
10%
Texas Tech Red Raiders Graham Harrell
10%
Ohio State Buckeyes J.T. Barrett
10%
Colorado Buffaloes Kordell Stewart
10%
Louisiana Ragin' Cajuns Levi Lewis
10%
Temple Owls P.J. Walker
10%
North Carolina Tar Heels Sam Howell
10%
Maryland Terrapins Boomer Esiason
7%
Iowa Hawkeyes Chuck Long
7%
Central Michigan Chippewas Dan LeFevour
7%
Coastal Carolina Chanticleers Grayson McCall
7%
Washington Huskies Jake Browning
7%
Miami (FL) Hurricanes Ken Dorsey
7%
Louisiana-Monroe Warhawks Kolton Browning
7%
Arkansas Razorbacks Ryan Mallett
7%
Florida International Panthers Alex McGough
3%
Appalachian State Mountaineers Armanti Edwards
3%
Western Kentucky Hilltoppers Brandon Doughty
3%
Akron Zips Charlie Frye
3%
Kansas State Wildcats Collin Klein
3%
South Carolina Gamecocks Connor Shaw
3%
Connecticut Huskies Dan Orlovsky
3%
Georgia Tech Yellow Jackets Joe Hamilton
3%
Kent State Golden Flashes Josh Cribbs
3%
Toledo Rockets Logan Woodside
3%
UCF Knights McKenzie Milton
3%
Southern Methodist Mustangs Shane Buechele
3%
New Mexico Lobos Stoney Case
3%
Old Dominion Monarchs Taylor Heinicke
3%
Kansas Jayhawks Todd Reesing
3%
Ohio Bobcats Tyler Tettleton
3%
Minnesota Golden Gophers Adam Weber
0%
Middle Tennessee State Blue Raiders Brent Stockstill
0%
UCLA Bruins Brett Hundley
0%
Eastern Michigan Eagles Brogan Robcak
0%
James Madison Dukes Bryan Schor
0%
Kennesaw State Owls Chandler Burks
0%
Rice Owls Chase Clement
0%
New Mexico State Aggies Chase Holbrook
0%
Charlotte 49ers Chris Reynolds
0%
Northwestern Wildcats Clayton Thorson
0%
Missouri State Bears Cody Kirby
0%
UTSA Roadrunners Dalton Sturm
0%
UAB Blazers Darrell Hackney
0%
San Jose State Trojans David Fales
0%
Air Force Falcons Dee Dowis
0%
Jacksonville State Gamecocks Ed Lett
0%
Rutgers Scarlet Knights Gary Nova
0%
Sam Houston Bearkats Jeremiah Briscoe
0%
Buffalo Bulls Joe Licata
0%
UMass Minutemen Liam Coen
0%
Navy Midshipmen Malcolm Perry
0%
North Texas Mean Green Mason Fine
0%
Colorado State Rams Moses Moreno
0%
Illinois Fighting Illini Nathan Scheelhaase
0%
Georgia State Panthers Nick Arbuckle
0%
South Florida Bulls Quinton Flowers
0%
Wake Forest Demon Deacons Riley Skinner
0%
South Alabama Jaguars Ross Metheny
0%
Arkansas State Red Wolves Ryan Aplin
0%
San Diego State Aztecs Ryan Lindley
0%
Georgia Southern Eagles Shai Werts
0%
East Carolina Pirates Shane Carden
0%
Liberty Flames Stephen Calvert
0%
Penn State Nittany Lions Trace McSorely
0%
Texas Christian Horned Frogs Trevone Boykin
0%
UTEP Miners Trevor Vittatoe
0%
Bowling Green Falcons Tyler Sheehan
0%
Western Michigan Broncos Zach Terrell
0%
No matching quizzes found
Score Distribution
Percent of People with Each Score
Percentile by Number Answered
Your Score History
You have not taken this quiz since the last reset